000 00411nam a2200145Ia 4500
003 GCL
008 140319s9999 xx 000 0 ara d
040 _aGCL /
_cGCL
082 0 4 _aد
_b050
100 1 _aمحمد فريد ابوحديد
245 1 0 _aعنترة بن شداد (اقرا 43 ) /
_cمحمد فريد ابوحديد
490 _aاقرأ
_v0
650 0 4 _aعنترة بن شداد
942 _2ddc
_cBK
999 _c48683
_d48683